000 00481nam a2200169Ia 4500
999 _c13997
_d13997
003 OSt
005 20201027102008.0
008 190216s9999||||xx |||||||||||||| ||und||
040 _coclc
082 _a823.912
_bWOD/I
100 _aWodehouse, P G
_94773
245 0 _aImperial Blandings /
_cP G Wodehouse
260 _bPenguin Books,
_c1991.
_aNew zealand:
300 _a565p
650 _aEnglish Novel
942 _cBK
_2ddc
_h823.912
_iWOD/I
_k823.912
_mWOD/I